Rakovodstvo za seminarni zanjatija po analiz na plasmento-snabditelnata dejnost

Saved in:
Bibliographic Details
Format: Book
Language:Bulgarian
Published: Varna Visš institut za narodno stopanstvo "Dimitar Blagoev" 1983
Tags: Add Tag
No Tags, Be the first to tag this record!

MARC

LEADER 00000nam a2200000 4500
001 c134376
005 20250728073841.3
041 0 |a bul 
044 |a BG 
245 1 0 |a Rakovodstvo za seminarni zanjatija po analiz na plasmento-snabditelnata dejnost  |c Stojko Čakmakov 
264 1 |a Varna  |b Visš institut za narodno stopanstvo "Dimitar Blagoev"  |c 1983 
300 |a 94 s.